Lei de responsabilidade fiscal : (Record no. 1249)

MARC details
000 -LÍDER
Campo Fixo de Controle 00935nam a2200253 a 4500
001 - NÚMERO DE CONTROLE
Campo de Controle 1249
003 - IDENTIFICAÇÃO DO NÚMERO DE CONTROLE
Campo de Controle BR-CuiBMT
005 - DATA E HORA DA ÚLTIMA ATUALIZAÇÃO
Campo de Controle 20231202004743.0
008 - DADOS FIXOS
Dados Fixos 231101s2000 dfba 000 0 por d
040 ## - AGÊNCIA CATALOGADORA
Código da Agência Catalogadora BR-CuiBMT
Agência que transcreveu o registro BR-CuiBMT
080 ## - Nº DA CLASSIFICAÇÃO DECIMAL UNIVERSAL
Nº Class. CDU 351.72
Nº edição CDU 2007
090 ## - NÚMERO DE CHAMADA
Nº classificação 351.72
Cutter K45l
100 1# - ENTRADA PRINCIPAL -- AUTOR PESSOAL
Nome pessoal Khair, Amir Antônio,
Datas associadas ao nome 1940-2020
245 #0 - TÍTULO PRINCIPAL
Título principal Lei de responsabilidade fiscal :
Subtítulo guia de orientação para as prefeituras /
Indicação de responsabilidade Amir Antônio Khair.
260 ## - PUBLICAÇÃO, DISTRIBUIÇÃO, ETC.
Local de publicação Brasília:
Editora Ministério do Planejamento, Orçamento e Gestão :
-- BNDES,
Data 2000.
300 ## - DESCRIÇÃO FÍSICA
N. páginas ou volumes 144 p. ;
Ilustrações il. :
Dimensões 21 cm
504 ## - NOTA DE BIBLIOGRAFIA, ETC.
Nota de bibliografia Inclui bibliografia.
650 ## - ASSUNTO TÓPICO
Cabeçalho tópico ou nome geográfico Lei de Responsabilidade fiscal
Subdivisão geral Município
Subdivisão geográfica Brasil
650 ## - ASSUNTO TÓPICO
Cabeçalho tópico ou nome geográfico Finanças públicas
Subdivisão de forma Legislação
Subdivisão geográfica Brasil
650 ## - ASSUNTO TÓPICO
Cabeçalho tópico ou nome geográfico Orçamento público
Subdivisão geográfica Brasil
710 1# - ENTRADA SECUNDÁRIA -- ENTIDADE
Nome da entidade ou lugar Ministério do Planejamento, Orçamento e Gestão.
710 1# - ENTRADA SECUNDÁRIA -- ENTIDADE
Nome da entidade ou lugar Banco Nacional de Desenvolvimento Econômico e Social.
942 ## - ELEMENTOS DE ENTRADA ADICIONAIS (KOHA)
Fonte de classificação ou esquema de arquivamento Classificação Decimal Universal
Tipo de item do Koha Livros
Holdings
Estado: removido Estado: perdido Fonte de classificação ou esquema de arquivamento Estado: danificado Indisponível para empréstimo Localização permanente Localização atual Data de aquisição Total Checkouts Número de Chamada completo Código de barras Date last seen Número do exemplar Preço efetivo a partir de Tipo de item (Koha)
    Classificação Decimal Universal     Biblioteca da Escola Superior de Contas do TCE/MT Biblioteca da Escola Superior de Contas do TCE/MT 23/09/2008   351.72 K45l BIBTCEMT23120055 02/12/2023 Ex. 1 02/12/2023 Livros
    Classificação Decimal Universal     Biblioteca da Escola Superior de Contas do TCE/MT Biblioteca da Escola Superior de Contas do TCE/MT 23/09/2008   351.72 K45l BIBTCEMT23120056 02/12/2023 Ex. 2 02/12/2023 Livros
    Classificação Decimal Universal     Biblioteca da Escola Superior de Contas do TCE/MT Biblioteca da Escola Superior de Contas do TCE/MT 23/09/2008   351.72 K45l BIBTCEMT23120057 02/12/2023 Ex. 3 02/12/2023 Livros

Powered by Koha